000 00251nam a2200121Ia 4500
008 230901s2013 xx 000 0 und d
041 _amar
082 _a810/APT
100 _aAPATE B
245 _aDURGESH NANDINI
260 _c2013
300 _a200
999 _c870213
_d870213